<?xml version="1.0" encoding="UTF-8"?>
<collection xmlns="http://www.loc.gov/MARC21/slim">
 <record>
  <leader>02450nam a22002897a 4500</leader>
  <controlfield tag="001">NCT_52156</controlfield>
  <controlfield tag="008">180926b        xxu||||| |||| 00| 0 vie d</controlfield>
  <datafield tag="999" ind1=" " ind2=" ">
   <subfield code="c">2494</subfield>
   <subfield code="d">2494</subfield>
  </datafield>
  <datafield tag="020" ind1=" " ind2=" ">
   <subfield code="a">9786048108656</subfield>
   <subfield code="c">18000</subfield>
  </datafield>
  <datafield tag="082" ind1="0" ind2="4">
   <subfield code="2">23rd ed.</subfield>
   <subfield code="a">344.597</subfield>
   <subfield code="b">L504A</subfield>
  </datafield>
  <datafield tag="245" ind1="1" ind2="0">
   <subfield code="a">Luật an toàn, vệ sinh lao động</subfield>
   <subfield code="b">(Có hiệu lực thi hành từ 01/7/2016)</subfield>
  </datafield>
  <datafield tag="250" ind1=" " ind2=" ">
   <subfield code="a">Tái bản lần thứ nhất</subfield>
  </datafield>
  <datafield tag="260" ind1=" " ind2=" ">
   <subfield code="a">H.</subfield>
   <subfield code="b">Tư pháp</subfield>
   <subfield code="c">2016</subfield>
  </datafield>
  <datafield tag="300" ind1=" " ind2=" ">
   <subfield code="a">119tr.</subfield>
   <subfield code="c">19cm</subfield>
  </datafield>
  <datafield tag="520" ind1="3" ind2=" ">
   <subfield code="a">&quot;Giới thiệu toàn văn nội dung luật an toàn, vệ sinh lao động với qui định chung và qui định cụ thể về các biện pháp phòng chống các yếu tố nguy hiểm, có hại cho người lao động; các biện pháp xử lý sự cố kỹ thuật gây mất an toàn, vệ sinh lao động và tai nạn lao động, bệnh nghề nghiệp...&quot;</subfield>
  </datafield>
  <datafield tag="653" ind1=" " ind2=" ">
   <subfield code="a">Luật học</subfield>
  </datafield>
  <datafield tag="942" ind1=" " ind2=" ">
   <subfield code="2">ddc</subfield>
   <subfield code="c">BK</subfield>
  </datafield>
  <datafield tag="952" ind1=" " ind2=" ">
   <subfield code="0">0</subfield>
   <subfield code="1">0</subfield>
   <subfield code="2">ddc</subfield>
   <subfield code="4">0</subfield>
   <subfield code="6">344_597000000000000_L504A</subfield>
   <subfield code="7">0</subfield>
   <subfield code="9">14215</subfield>
   <subfield code="a">000001</subfield>
   <subfield code="b">000001</subfield>
   <subfield code="d">2018-09-26</subfield>
   <subfield code="o">344.597 L504A</subfield>
   <subfield code="p">MD.02652</subfield>
   <subfield code="r">2018-09-26</subfield>
   <subfield code="v">18000.00</subfield>
   <subfield code="w">2018-09-26</subfield>
   <subfield code="y">BK</subfield>
  </datafield>
  <datafield tag="952" ind1=" " ind2=" ">
   <subfield code="0">0</subfield>
   <subfield code="1">0</subfield>
   <subfield code="2">ddc</subfield>
   <subfield code="4">0</subfield>
   <subfield code="6">344_597000000000000_L504A</subfield>
   <subfield code="7">0</subfield>
   <subfield code="9">14216</subfield>
   <subfield code="a">000001</subfield>
   <subfield code="b">000001</subfield>
   <subfield code="d">2018-09-26</subfield>
   <subfield code="o">344.597 L504A</subfield>
   <subfield code="p">MD.02653</subfield>
   <subfield code="r">2018-09-26</subfield>
   <subfield code="v">18000.00</subfield>
   <subfield code="w">2018-09-26</subfield>
   <subfield code="y">BK</subfield>
  </datafield>
  <datafield tag="952" ind1=" " ind2=" ">
   <subfield code="0">0</subfield>
   <subfield code="1">0</subfield>
   <subfield code="2">ddc</subfield>
   <subfield code="4">0</subfield>
   <subfield code="6">344_597000000000000_L504A</subfield>
   <subfield code="7">0</subfield>
   <subfield code="9">14217</subfield>
   <subfield code="a">000001</subfield>
   <subfield code="b">000001</subfield>
   <subfield code="d">2018-09-26</subfield>
   <subfield code="o">344.597 L504A</subfield>
   <subfield code="p">MD.02654</subfield>
   <subfield code="r">2018-09-26</subfield>
   <subfield code="v">18000.00</subfield>
   <subfield code="w">2018-09-26</subfield>
   <subfield code="y">BK</subfield>
  </datafield>
  <datafield tag="952" ind1=" " ind2=" ">
   <subfield code="0">0</subfield>
   <subfield code="1">0</subfield>
   <subfield code="2">ddc</subfield>
   <subfield code="4">0</subfield>
   <subfield code="6">344_597000000000000_L504A</subfield>
   <subfield code="7">0</subfield>
   <subfield code="9">14218</subfield>
   <subfield code="a">000001</subfield>
   <subfield code="b">000001</subfield>
   <subfield code="d">2018-09-26</subfield>
   <subfield code="o">344.597 L504A</subfield>
   <subfield code="p">MD.02655</subfield>
   <subfield code="r">2018-09-26</subfield>
   <subfield code="v">18000.00</subfield>
   <subfield code="w">2018-09-26</subfield>
   <subfield code="y">BK</subfield>
  </datafield>
  <datafield tag="952" ind1=" " ind2=" ">
   <subfield code="0">0</subfield>
   <subfield code="1">0</subfield>
   <subfield code="2">ddc</subfield>
   <subfield code="4">0</subfield>
   <subfield code="6">344_597000000000000_L504A</subfield>
   <subfield code="7">0</subfield>
   <subfield code="9">14219</subfield>
   <subfield code="a">000001</subfield>
   <subfield code="b">000001</subfield>
   <subfield code="d">2018-09-26</subfield>
   <subfield code="o">344.597 L504A</subfield>
   <subfield code="p">MD.02656</subfield>
   <subfield code="r">2018-09-26</subfield>
   <subfield code="v">18000.00</subfield>
   <subfield code="w">2018-09-26</subfield>
   <subfield code="y">BK</subfield>
  </datafield>
  <datafield tag="952" ind1=" " ind2=" ">
   <subfield code="0">0</subfield>
   <subfield code="1">0</subfield>
   <subfield code="2">ddc</subfield>
   <subfield code="4">0</subfield>
   <subfield code="6">344_597000000000000_L504A</subfield>
   <subfield code="7">0</subfield>
   <subfield code="9">14220</subfield>
   <subfield code="a">000001</subfield>
   <subfield code="b">000001</subfield>
   <subfield code="d">2018-09-26</subfield>
   <subfield code="o">344.597 L504A</subfield>
   <subfield code="p">MD.02657</subfield>
   <subfield code="r">2018-09-26</subfield>
   <subfield code="v">18000.00</subfield>
   <subfield code="w">2018-09-26</subfield>
   <subfield code="y">BK</subfield>
  </datafield>
  <datafield tag="952" ind1=" " ind2=" ">
   <subfield code="0">0</subfield>
   <subfield code="1">0</subfield>
   <subfield code="2">ddc</subfield>
   <subfield code="4">0</subfield>
   <subfield code="6">344_597000000000000_L504A</subfield>
   <subfield code="7">0</subfield>
   <subfield code="9">14221</subfield>
   <subfield code="a">000001</subfield>
   <subfield code="b">000001</subfield>
   <subfield code="d">2018-09-26</subfield>
   <subfield code="o">344.597 L504A</subfield>
   <subfield code="p">MD.02658</subfield>
   <subfield code="r">2018-09-26</subfield>
   <subfield code="v">18000.00</subfield>
   <subfield code="w">2018-09-26</subfield>
   <subfield code="y">BK</subfield>
  </datafield>
  <datafield tag="952" ind1=" " ind2=" ">
   <subfield code="0">0</subfield>
   <subfield code="1">0</subfield>
   <subfield code="2">ddc</subfield>
   <subfield code="4">0</subfield>
   <subfield code="6">344_597000000000000_L504A</subfield>
   <subfield code="7">0</subfield>
   <subfield code="9">14222</subfield>
   <subfield code="a">000001</subfield>
   <subfield code="b">000001</subfield>
   <subfield code="d">2018-09-26</subfield>
   <subfield code="o">344.597 L504A</subfield>
   <subfield code="p">MD.02659</subfield>
   <subfield code="r">2018-09-26</subfield>
   <subfield code="v">18000.00</subfield>
   <subfield code="w">2018-09-26</subfield>
   <subfield code="y">BK</subfield>
  </datafield>
  <datafield tag="952" ind1=" " ind2=" ">
   <subfield code="0">0</subfield>
   <subfield code="1">0</subfield>
   <subfield code="2">ddc</subfield>
   <subfield code="4">0</subfield>
   <subfield code="6">344_597000000000000_L504A</subfield>
   <subfield code="7">0</subfield>
   <subfield code="9">14223</subfield>
   <subfield code="a">000001</subfield>
   <subfield code="b">000001</subfield>
   <subfield code="d">2018-09-26</subfield>
   <subfield code="o">344.597 L504A</subfield>
   <subfield code="p">MD.02660</subfield>
   <subfield code="r">2018-09-26</subfield>
   <subfield code="v">18000.00</subfield>
   <subfield code="w">2018-09-26</subfield>
   <subfield code="y">BK</subfield>
  </datafield>
  <datafield tag="980" ind1=" " ind2=" ">
   <subfield code="a">Thư viện Trường Đại học Nam Cần Thơ</subfield>
  </datafield>
 </record>
</collection>
